000
00287nam a2200109Ia 4500
008
220204s9999 xx 000 0 und d
082
_a
631.4'.8
_b
COM;1
245
0
_a
Commercial fertilizers and soil management
260
_a
Berlin
_b
Bergban Handel
650
_a
Soil analysis
942
_c
BK
999
_c
19570
_d
19570